Normal view
MARC view
- Heizer Jay; Barry Render
Entry Personal Name
001 - CONTROL NUMBER
- control field: 9282
003 - CONTROL NUMBER IDENTIFIER
- control field: NUST
005 - DATE AND TIME OF LATEST TRANSACTION
- control field: 20180120153551.0
008 - FIXED-LENGTH DATA ELEMENTS
- fixed length control field: 180120|| aca||aabn | a|a d
040 ## - CATALOGING SOURCE
- Original cataloging agency: NUST
- Transcribing agency: NUST
100 ## - HEADING--PERSONAL NAME
- Personal name: Heizer Jay; Barry Render
670 ## - SOURCE DATA FOUND
- Source citation: Work cat.: (NUST)323101: Heizer Jay; Barry Render, Operations Management : Sustainability and supply chain management, 11/e with CD, 2014
